Logo Biblioteca

Mi planta de naranja-lima / (Registro nro. 1013)

Detalles MARC
000 -LEADER
fixed length control field 01479nam a2200265 a 4500
001 - CONTROL NUMBER
control field 001598131
003 - CONTROL NUMBER IDENTIFIER
control field AR-RoUNCS
005 - DATE AND TIME OF LATEST TRANSACTION
control field 20260513112318.0
007 - PHYSICAL DESCRIPTION FIXED FIELD--GENERAL INFORMATION
fixed length control field ta
008 - FIXED-LENGTH DATA ELEMENTS--GENERAL INFORMATION
fixed length control field 060313s2000 ag a |r 00| f spa d
020 ## - INTERNATIONAL STANDARD BOOK NUMBER
International Standard Book Number 9789500285094
040 ## - CATALOGING SOURCE
Original cataloging agency AR-RoUNCS
Language of cataloging spa
Transcribing agency AR-RoUNCS
041 1# - LANGUAGE CODE
Language code of text/sound track or separate title spa
Language code of original por
100 1# - MAIN ENTRY--PERSONAL NAME
Personal name Vasconcelos, José Mauro de,
Dates associated with a name 1920-1984
Relator term autor
245 10 - TITLE STATEMENT
Title Mi planta de naranja-lima /
Statement of responsibility, etc. José Mauro de Vasconcelos.
250 ## - EDITION STATEMENT
Edition statement 35a ed.
260 ## - PUBLICATION, DISTRIBUTION, ETC.
Place of publication, distribution, etc. Buenos Aires :
Name of publisher, distributor, etc. El Ateneo,
Date of publication, distribution, etc. 2000.
300 ## - PHYSICAL DESCRIPTION
Extent 182 p. :
Other physical details il. ;
Dimensions 20 cm.
500 ## - GENERAL NOTE
General note Traducido por Haydee M. Jofre Barroso.
520 ## - SUMMARY, ETC.
Summary, etc. Zezé tiene una imaginación gigantesca y sueña con ser sabio y poeta y usar corbata de moño cuando sea adulto. Pero ahora, que es un niño, su padre se quedó sin empleo, su madre trabaja todo el día y sus hermanos mayores le pegan cada vez que hace una travesura. Cuando se siente triste, Zezé cuenta con un amigo muy especial, una planta de naranja lima que le habla con las hojas, las ramas, las raíces, y lo consuela haciéndole escuchar cómo palpita su corazón bajo el tronco. Una novela clásica, emocionante, que combina la crudeza de una situación de profunda miseria e incomprensión con la ingenuidad y la ternura de la infancia, que observa el mundo con una mirada limpia.
650 #7 - SUBJECT ADDED ENTRY--TOPICAL TERM
Source of heading or term embne
Topical term or geographic name entry element Literatura brasileña
655 #7 - INDEX TERM--GENRE/FORM
Genre/form data or focus term Novela corta
Source of term embne
700 1# - ADDED ENTRY--PERSONAL NAME
Personal name Jofre Barroso, Haydée,
Dates associated with a name 1916-2006
Relator term traductora
942 ## - ADDED ENTRY ELEMENTS (KOHA)
Source of classification or shelving scheme Universal Decimal Classification
Koha item type Obra General
Suppress in OPAC No
Existencias
Withdrawn status Lost status Source of classification or shelving scheme Damaged status Not for loan Collection Home library Current library Date acquired Source of acquisition Total checkouts Full call number Barcode Date last seen Price effective from Koha item type
    Universal Decimal Classification     Colección General Biblioteca Escuela de Ciencias Sociales Biblioteca Escuela de Ciencias Sociales 13/05/2026 Donación 2026   82-32(81) V331 000970 13/05/2026 13/05/2026 Obra General
Biblioteca de la Escuela Preuniversitaria en Ciencias Sociales y Humanísticas.
Riobamba 250 bis.
CP 2000 - Rosario - Santa Fe
E-Mail: biblioteca@esociales.unr.edu.ar